LEADER 01477nam a2200301 i 4500 001 000000169909 003 CaOOAMICUS 005 20080319000000.0 008 080319s1975 it u000 u ita u 013 $a147314 040 $aSeMil$bita 100 1 $aMarangon, Antonio.$0(OLS)http://semarc/name/29906 245 10$aEvangelizzazione e matrimonio /$cA. Marangon ... [et al.] ; a cura di Settimio Cipriani. 260 $aNapoli :$bPontificia Facoltà Teologica dell'Italia meridionale, sez. S. Tommaso d'Aquino,$c1975. 260 $aNapoli :$bD'Auria,$c1975. 300 $a263 p. ;$c24 cm. 490 0 $aBiblioteca teologica napoletana ;$v7 500 $aFondo Card. Giovanni Colombo. 650 4$aMatrimonio - Atti di congressi.$0(OLS)http://semarc/subject/32359 700 1 $aCipriani, Settimio .$0(OLS)http://semarc/name/3945 830 0$aBiblioteca teologica napoletana / Pontificia Facoltà Teologica dell'Italia meridionale ;$v7.$0(OLS)http://semarc/title/14242 850 $aSeMil 852 $aSeMil$W1$xVenegono$y1$m2E V 7$j120813$B120813$CSeMilBibl$Z2$F132586 $81 941 1 $a3 961 $aLascito: Colombo Card. Giovanni 996 $6245$aEvangelizzazione e matrimonio$9(OLS)http://semarc/title/242966 996 $6260$aNapoli :$bD'Auria$9(OLS)http://semarc/publisher/30041 996 $6260$aNapoli :$bPontificia Facoltà Teologica dell'Italia meridionale, sez. S. Tommaso d'Aquino$9(OLS)http://semarc/publisher/29820 LEADER 00911nam a2200205 i 4500 001 000000223086 003 CaOOAMICUS 005 20131003000000.0 008 131003s1829 xx u000 u fre u 013 $a201983 026 $a6.m? duo- e-u- Ceti (3) 1829 (A) 040 $aSeMil$bita 245 10$aTome 5. 300 $a418 p. 773 0 $aReid, Thomas <1710-1796>$tOeuvres complètes de Thomas Reid, chef de l'École Écossaise, publiées par m. Th. Jouffroy, avec des fragments de m. Royer-Collard et une introduction de l'editeur. Tome 1. [-6.].$dParis : chez A. Sautelet et Cie, libraires, rue de Richelieu, n. 14 : Alexandre Mesnier, libraire, place de la Bourse, 1828-1836.$g5$w()5599 850 $aSeMil 852 $aSeMil$W1$xVenegono$y1$m2Q IV 32 FA$j173432$B173432$CSeMilBibl$Z2$F183794 $8I 941 1 $a10 961 $aRecupero: Mantegazza 996 $6245$aTome 5$9(OLS)http://semarc/title/1596